Rural society

Sparad:
Bibliografiska uppgifter
Huvudupphovsman: Sanders, Irwin T.
Materialtyp: Bok
Språk:Undetermined
Publicerad: New Jersey Prentice-Hall 1977
Ämnen:
Taggar: Lägg till en tagg
Inga taggar, Lägg till första taggen!
Thư viện lưu trữ: Trung tâm Học liệu Trường Đại học Cần Thơ
LEADER 00463nam a2200181Ia 4500
001 CTU_121538
008 210402s9999 xx 000 0 und d
082 |a 301.35 
082 |b S215 
100 |a Sanders, Irwin T. 
245 0 |a Rural society 
245 0 |c Irwin T. Sanders 
260 |a New Jersey 
260 |b Prentice-Hall 
260 |c 1977 
650 |a Sociology, rural 
904 |i Tuyến 
980 |a Trung tâm Học liệu Trường Đại học Cần Thơ